000 00318 a2200145 4500
003 Nust
005 20170207153519.0
040 _cNust
082 _a891.439
100 _aAhmad.Ashfaq
245 _aMun Chally Ka Soda
_c Ashfaq Ahmad.
260 _aLahore
_bSang-e-Meel
_c2005
300 _a319:p
650 _aUrdu Literature
942 _2ddc
_cBK
999 _c187620
_d187620